00977nam a2200277 i 4500003000900000005001700009007000300026008004100029020001800070040003000088082001300118100002700131240006000158245007400218264005100292300002600343336002700369337003400396338002800430490002500458590002700483910001400510942001400524952014400538999001700682DO-SdBNP20240829133146.0ta240829s2010 sp 000 f spa d a9788467195972 aDO-SdBNPbspacBNPHUerda bS832222 aStephens, Susan986463 aRuling sheikh, unruly mistress = Master of the desert /10aDeseo en el desierto : bAmo y señor del desierto /cSusan Stephens 1aMadrid, España :bEditora Harlequin ,c2010. a316 páginasc17 cm. 2rdacontentatextobtxt 2rdamediaasin mediación bn 2rdacarrieravolumenbnc1 aBianca especial v15 aInventariado, 2024/ YL aYLockward 2ddccLBS1 00102ddc56708GRaBNPHUbBNPHUcCTd2023-06-04eDonado por Diana de Álvarezl0oBNPHU GR S832p2024-5146r2024-08-29w2024-08-29yLBS1 c57581d57581